| 000 | 00408nam a2200181Ia 4500 | ||
|---|---|---|---|
| 001 | 7937 | ||
| 003 | GE_BSU | ||
| 008 | 181216s||||||||xx |||||||||||||| ||und|| | ||
| 040 | _cGE_BSU | ||
| 245 | _aParis Match, du 5 AU 11septembre №3355. 2013. | ||
| 245 | _b№3355 | ||
| 245 | _cdir.red. O.Royant. | ||
| 260 | _aParis | ||
| 260 | _c2013 | ||
| 300 | _a116p;29cm. | ||
| 653 | _aParis Match | ||
| 942 | _cCR | ||
| 999 |
_c41282 _d41282 |
||